书目信息 |
| 题名: |
大沙拉制作指南
|
|
| 作者: | 米德 著 ;王子贤 译 | |
| 分册: | ||
| 出版信息: | 南昌 江西美术出版社 2018.12 |
|
| 页数: | 173页 | |
| 开本: | 26cm | |
| 丛书名: | ||
| 单 册: | ||
| 中图分类: | TS972.118 | |
| 科图分类: | ||
| 主题词: | 沙拉--菜谱 | |
| 电子资源: | ||
| ISBN: | 978-7-5480-6624-8 | |
| 000 | 01070nam0 2200229 450 | |
| 001 | 2448962066 | |
| 005 | 20240109135817.87 | |
| 010 | @a978-7-5480-6624-8@dCNY150.00,原158 | |
| 100 | @a20200408d2018 em y0chiy50 ea | |
| 101 | 1 | @achi@ceng |
| 102 | @aCN@b360000 | |
| 105 | @aa z 001yy | |
| 200 | 1 | @a大沙拉制作指南@Ada sha la zhi zuo zhi nan@e如何在一个餐盘中呈现最新鲜、美味与健康的沙拉@f(英)吉·米德(Kat Mead)著@g王子贤译 |
| 210 | @a南昌@c江西美术出版社@d2018.12 | |
| 215 | @a173页@c彩图@d26cm | |
| 330 | @a本书提供了60种食谱,充分利用了季节性的沙拉配料,让人们可以选择吃素食、纯素,或者用少量的新鲜蔬菜、香草和树叶来食用少量的肉类和鱼类。从豌豆、芦笋和柠檬浓缩酸奶沙拉和木瓜沙拉椰子浸鸡在春天,夏天的白色桃子火腿和豆瓣菜,令人感到舒适的秋食用的香无花果和烤羊奶酪和寒冷的欧洲防风草炸玉米粉圆饼和烤胡萝卜沙拉,这本书都尽情呈现了各种让人意想不到的沙拉配餐。 | |
| 606 | 0 | @a沙拉@x菜谱 |
| 690 | @aTS972.118@v5 | |
| 701 | 0 | @c(英)@a米德@Ami de@c(Mead, Kat)@4著 |
| 702 | 0 | @a王子贤@Awang zi xian@4译 |
| 801 | 0 | @aCN@b91MARC@c20200408 |
| 905 | @aBZT@dTS972.118@e10 | |
| 大沙拉制作指南:如何在一个餐盘中呈现最新鲜、美味与健康的沙拉/(英)吉·米德(Kat Mead)著/王子贤译.-南昌:江西美术出版社,2018.12 |
| 173页:彩图;26cm |
| ISBN 978-7-5480-6624-8:CNY150.00,原158 |
| 本书提供了60种食谱,充分利用了季节性的沙拉配料,让人们可以选择吃素食、纯素,或者用少量的新鲜蔬菜、香草和树叶来食用少量的肉类和鱼类。从豌豆、芦笋和柠檬浓缩酸奶沙拉和木瓜沙拉椰子浸鸡在春天,夏天的白色桃子火腿和豆瓣菜,令人感到舒适的秋食用的香无花果和烤羊奶酪和寒冷的欧洲防风草炸玉米粉圆饼和烤胡萝卜沙拉,这本书都尽情呈现了各种让人意想不到的沙拉配餐。 |
| ● |
| 相关链接 |
|
|
|
正题名:大沙拉制作指南
索取号:TS972.118/10
 
预约/预借
| 序号 | 登录号 | 条形码 | 馆藏地/架位号 | 状态 | 备注 |
| 1 | 2001734324 | 2001734324 | 辽三/辽宁北配(第三批)/4542/ [索取号:TS972.118/10] | 在馆 | |
| 2 | 2001734325 | 2001734325 | 辽三/辽宁北配(第三批)/4542/ [索取号:TS972.118/10] | 在馆 | |
| 3 | 2001734326 | 2001734326 | 辽三/辽宁北配(第三批)/4542/ [索取号:TS972.118/10] | 在馆 | |
| 4 | 2001734327 | 2001734327 | 辽三/辽宁北配(第三批)/4542/ [索取号:TS972.118/10] | 在馆 | |
| 5 | 2001734328 | 2001734328 | 辽三/辽宁北配(第三批)/4542/ [索取号:TS972.118/10] | 在馆 | |
| 6 | 2001734329 | 2001734329 | 辽三/辽宁北配(第三批)/4542/ [索取号:TS972.118/10] | 在馆 |